000 00418nam a2200157Ia 4500
008 221030s9999 xx 000 0 und d
020 _a9781259064753
041 _aEnglish
100 _aB. A. Forouzan
245 0 _aData Communications & Networking 5th Ed.
_cby B. A. Forouzan
250 _a5th
260 _bMcGraw - Hill Edu. Pvt. Ltd
_aNew Delhi
_c2013
300 _a1226
650 _aBB Computer
942 _cBK
999 _c18934
_d18934